Návrh systému rozvoja tvorivého potenciálu zamestnancov = System proposal of staff creative potential development : Doktorandská dizertačná práca
Uložené v:
| Hlavný autor: | |
|---|---|
| Ďalší autori: | |
| Médium: | Kniha |
| Jazyk: | Slovak |
| Vydavateľské údaje: |
Trnava :
STU v Bratislave MTF UPMK,
2009
|
| Predmet: | |
| Tagy: |
Žiadne tagy, Buďte prvý, kto otaguje tento záznam!
|
MARC
| LEADER | 00000nam a22000003a 4500 | ||
|---|---|---|---|
| 001 | stu197417 | ||
| 005 | 20220321182728.8 | ||
| 008 | 091218s2009----xo------------------slo-d | ||
| 040 | |a STU |b slo | ||
| 041 | 0 | |a slo | |
| 044 | |a xo | ||
| 100 | 1 | |a Lenhardtová, Zuzana, |d 1980- |4 aut |u M4000 |U MTF Materiálovotechnologická fakulta |T MTF Ústav priemyselného inžinierstva a manažmentu |X 10274 |U M4000 |Y 84 |7 A000010274 | |
| 245 | 1 | |a Návrh systému rozvoja tvorivého potenciálu zamestnancov = System proposal of staff creative potential development : |b Doktorandská dizertačná práca | |
| 260 | |a Trnava : |b STU v Bratislave MTF UPMK, |c 2009 | ||
| 300 | |a 148 s |c príl (autoreferát) | ||
| 500 | |a Vedný odbor: 62-90-9 Podnikový manažment | ||
| 650 | 7 | |a tvorivý potenciál zamestnancov |2 stusub | |
| 650 | 7 | |a vzdelávanie zamestnancov |2 stusub | |
| 650 | 7 | |a tvorivosť |2 stusub | |
| 700 | 1 | |a Horňák, František, |d 1969- |4 ths |u M4000 |U MTF Materiálovotechnologická fakulta |T MTF Ústav priemyselného inžinierstva a manažmentu |X 1533 |U M4000 |Y 84 |7 1533 | |
| 996 | |b 284M071971 |c M*DzP-126 |l MMSKP |s P |a 0 |w stu197417_0001 | ||